000 01966nkc a2200289za 4500
001 84545
005 20260423155746.0
007 kh boc
008 250410s1909 sp ||||| ||||||0| i|spa d
040 _cM-RABA
_aM-RABA
_bspa
245 0 0 _aTajon, obispo de Zaragoza presenta a Chindasvinto en Toledo el libro de las morales de San Gregorio
_h[Material gráfico]
_c/ Luis Manjarrese
246 _aTajón presenta a Chindasvinto las Morales de San Gregorio
260 _b[Hauser y Menet]
_c, [ca. 1909]
300 _a1 fotografía
_b: gelatina de plata
_c; imagen 20 x 12 cm
_c; soporte secundario 30 x 24 cm
500 _aFotografía del relieve "Tajón presenta a Chindasvinto las Morales de San Gregorio" de Luis Manjarrese, obteniendo el segundo premio de la segunda clase de la Academia en 1760. Se conserva en el Museo de la Real Academia de Bellas Artes de San Fernando con nº de inventario E-247.
500 _aMontada sobre un soporte secundario de cartón, con texto manuscrito a lápiz en la parte inferior al recto: "Tajon, obispo de Zaragoza presenta a Chindasvinto en Toledo el libro de las morales de San Gregorio1760-2ª clase-El premio 2º de la 2ª clase se dio por 9 votos contra 3 a Luis Manjarrese, única oposición, por este relieve." Nota manuscrita al verso a lápiz rojo: "1760 2ª clase"
500 _aFecha probable de la realización de la fotografía realizada por Hauser y Menet.
544 _aArchivo de la Real Academia de Bellas Artes de San Fernando (Le-4-29-1)
600 1 0 _aManjarrese, Luis
_9111682
610 2 4 _aReal Academia de Bellas Artes de San Fernando.
_975832
651 7 _aMadrid
_2embne
_975182
655 7 _aFotografías de obras de arte
_975675
710 2 _aHauser y Menet (Madrid)
_950978
852 _jFot-599
856 _3Fot-599
_uhttps://archivoybiblioteca.realacademiabellasartessanfernando.com/cgi-bin/koha/opac-retrieve-file.pl?id=8781c0d6015905e1819ab4fec1dc2b0a
942 _2ddc
_cFOTOGRAFÍA
_n0
999 _c84545
_d84545